000 00760nam a2200253Ia 4500
003 OSt
005 20220927105433.0
006 a|||||r|||| 00| 0
007 ta
008 220926b |||||||| |||| 00| 0 eng d
024 _a172775
037 _cReference Collections
040 _aRTL
_cRTL
_beng
041 _2eng
_aeng
082 _a"X71.235.P05 - P04, P5"
110 _a"Maharashtra, (Govt. of-)"
_9372550
245 0 _aCivil budget estimates 2004-05.
260 _aMumbai
_bGovt. of Maharashtra.
_c2004
300 _aBb 181p.
_ccm.
500 _aPart III-Appendices.
700 _a"Maharashtra, (Govt. of-)"
_9372551
942 _h"X71.235.P05 - P04, P5"
_cCC
999 _c692567
_d692567